Skúmanie vnútroholdingových vzťahov, tokov a transferov na nadnárodnej úrovni diplomová práca

Gespeichert in:
Bibliographische Detailangaben
1. Verfasser: Holík, Peter
Körperschaft: Fakulta podnikového manažmentu EU. Katedra podnikových financií
Weitere Verfasser: Harumová, Anna, 1955-
Format: Buch
Sprache:Slowakisch
Veröffentlicht: Bratislava 2024
Tags: Tag hinzufügen
Keine Tags, Fügen Sie das erste Tag hinzu!

MARC

LEADER 00000nbm a2200000 4500
001 0300996
005 20250224113850.0
041 0 |a slo 
044 |a SK 
245 1 0 |a Skúmanie vnútroholdingových vzťahov, tokov a transferov na nadnárodnej úrovni  |b diplomová práca  |c Peter Holík ; školiteľ: Anna Harumová 
264 1 |a Bratislava  |c 2024 
300 |a 76 s. 
100 1 |a Holík, Peter 
700 1 |a Harumová, Anna, 1955- 
710 2 |a Fakulta podnikového manažmentu EU. Katedra podnikových financií